000 00257nam a2200085Ia 4500
008 170620s9999 xx 000 0 und d
100 _aSiddiqui- Mujibul Hasan
245 0 _aDistance Learning Technologies in Education
260 _bNew Delhi- A.P.H. Publishing corporation
260 _c2004
999 _c24324
_d24324